| 000 | 00411cam a2200169ua 4500 | ||
|---|---|---|---|
| 020 | _c180.00 | ||
| 041 |
_aeng _h |
||
| 082 |
_a610.28 _bARU/BI |
||
| 100 | _aArumugam, M . | ||
| 245 |
_aBiomedical instrumentation / _cM Arumugam. _hTextual Documents |
||
| 260 |
_a : _bAnuradha agencies , _c2006. |
||
| 300 |
_a440 ; _eCD. |
||
| 365 | _a180.00 | ||
| 504 | _a | ||
| 942 | _cBK | ||
| 999 |
_c13298 _d13298 |
||